[Event "Nichelino op 17th"]
[Site "Nichelino"]
[Date "2016.10.08"]
[Round "3"]
[White "Martin, Tiziano"]
[Black "D'Ingiullo, Roberto"]
[Result "0-1"]
[WhiteElo "1912"]
[BlackElo "2060"]
[PlyCount "80"]
[EventDate "2016.10.07"]
[EventType "swiss"]
[EventRounds "5"]
[EventCountry "ITA"]
[SourceTitle "EXT 2018"]
[Source "ChessBase"]
[SourceDate "2017.10.13"]
[SourceVersion "1"]
[SourceVersionDate "2017.10.13"]
[SourceQuality "1"]

1. d4 Nf6 2. Nf3 e6 3. Bg5 Be7 4. Nbd2 d6 5. e3 Nbd7 6. Bf4 Nh5 7. Bg3 c5 8. c3 Nxg3 9. hxg3 Nf6 10. Bd3 Qc7 11. Ne4 Nxe4 12. Bxe4 f5 13. Bc2 0-0 14. Nd2 g6 15. Bb3 Bf6 16. Nf3 Kh8 17. Qe2 e5 18. dxe5 dxe5 19. 0-0 Bd7 20. Rfd1 Bc6 21. Bd5 e4 22. Bxc6 Qxc6 23. Nh2 h5 24. Nf1 Rad8 25. Rxd8 Rxd8 26. Rd1 Rd6 27. Rxd6 Qxd6 28. Qb5 Qc7 29. a4 a6 30. Qc4 Qc6 31. Qa2 Qd6 32. Qb3 Qc6 33. c4 b6 34. Nd2 Qd6 35. Nf1 Kg7 36. Qa2 Qd3 37. b3 Bc3 38. Nh2 Qd1+ 39. Nf1 a5 40. Qa3 Qc2 0-1

[Event "Nichelino op 16th"]
[Site "Nichelino"]
[Date "2015.10.03"]
[Round "2"]
[White "Gromovs, Sergejs"]
[Black "D'Ingiullo, Roberto"]
[Result "1/2-1/2"]
[WhiteElo "2196"]
[BlackElo "2071"]
[PlyCount "68"]
[EventDate "2015.10.02"]
[EventType "swiss"]
[EventRounds "5"]
[EventCountry "ITA"]
[SourceTitle "EXT 2018"]
[Source "ChessBase"]
[SourceDate "2017.10.13"]
[SourceVersion "1"]
[SourceVersionDate "2017.10.13"]
[SourceQuality "1"]

1. d4 Nf6 2. c4 Nc6 3. Nf3 e6 4. a3 d6 5. Nc3 Bd7 6. e4 e5 7. h3 exd4 8. Nxd4 Be7 9. Be3 0-0 10. Be2 Re8 11. Qc2 Nxd4 12. Bxd4 a6 13. 0-0 Rb8 14. f4 c5 15. Bf2 Bc6 16. Rab1 Qc7 17. Bg3 Nd7 18. Nd5 Bxd5 19. cxd5 Bf6 20. Bg4 Qd8 21. Rfe1 Bd4+ 22. Kh1 Nf6 23. Bf3 Nd7 24. Bf2 f6 25. Bg4 Nf8 26. Be6+ Kh8 27. f5 Qe7 28. Bxd4 cxd4 29. Qa4 d3 30. Rbd1 Red8 31. Rxd3 Nd7 32. Rc3 Ne5 33. Qc2 Qe8 34. Qe2 Qe7 1/2-1/2

[Event "Nichelino op 11th"]
[Site "Nichelino"]
[Date "2010.10.02"]
[Round "3"]
[White "Gambarino, Federico"]
[Black "D'Ingiullo, Roberto"]
[Result "0-1"]
[WhiteElo "1868"]
[BlackElo "2116"]
[PlyCount "42"]
[EventDate "2010.09.30"]
[EventType "swiss"]
[EventRounds "6"]
[EventCountry "ITA"]
[SourceTitle "EXT 2024"]
[Source "ChessBase"]
[SourceDate "2023.10.10"]
[SourceVersion "1"]
[SourceVersionDate "2023.10.10"]
[SourceQuality "1"]

1. e4 c5 2. Nf3 Nc6 3. d4 cxd4 4. Nxd4 e5 5. Nb5 d6 6. N1c3 a6 7. Na3 b5 8. Nd5 Nge7 9. c4 Nxd5 10. exd5 Nd4 11. cxb5 Be7 12. Be3 0-0 13. Bxd4 exd4 14. Be2 Bf6 15. 0-0 d3 16. Qxd3 axb5 17. Nxb5 Bxb2 18. Rab1 Be5 19. Qb3 Bf5 20. Rbd1 Qb6 21. Nd4 Bxd4 0-1

[Event "Piemonte Region-ch"]
[Site "Torino"]
[Date "2004.04.??"]
[Round "6"]
[White "Gussone, Claudio"]
[Black "D'Ingiullo, Roberto"]
[Result "0-1"]
[WhiteElo "1918"]
[BlackElo "2132"]
[PlyCount "74"]
[EventDate "2004.04.??"]
[EventType "swiss"]
[EventRounds "6"]
[EventCountry "ITA"]
[SourceTitle "EXT 2024"]
[Source "ChessBase"]
[SourceDate "2023.10.10"]
[SourceVersion "1"]
[SourceVersionDate "2023.10.10"]
[SourceQuality "1"]

1. Nf3 Nf6 2. g3 g6 3. d4 Bg7 4. c4 d6 5. Bg2 0-0 6. 0-0 c6 7. Nc3 Nbd7 8. Bf4 Nh5 9. Bg5 h6 10. Bd2 Qc7 11. Qc1 Kh7 12. g4 Nhf6 13. g5 hxg5 14. Nxg5+ Kg8 15. Qc2 e5 16. dxe5 Nxe5 17. b3 Bf5 18. e4 Bd7 19. h3 Bc8 20. f4 Qb6+ 21. Kh1 Nh5 22. Be1 Qe3 23. Rd1 Nxf4 24. Bf2 Nxg2 25. Bxe3 Nxe3 26. Qe2 Nxd1 27. Nxd1 Bh6 28. Qg2 Bd7 29. Rf6 Rad8 30. Ne3 Kg7 31. Rf1 Rh8 32. Nf5+ gxf5 33. exf5 Rdg8 34. h4 Kf8 35. Kg1 f6 36. Qd2 Nf7 37. Kf2 Bxg5 0-1

[Event "Piemonte Region-ch"]
[Site "Torino"]
[Date "2004.04.??"]
[Round "4"]
[White "Pepino, Enrico"]
[Black "D'Ingiullo, Roberto"]
[Result "0-1"]
[WhiteElo "2074"]
[BlackElo "2132"]
[PlyCount "58"]
[EventDate "2004.04.??"]
[EventType "swiss"]
[EventRounds "6"]
[EventCountry "ITA"]
[SourceTitle "EXT 2024"]
[Source "ChessBase"]
[SourceDate "2023.10.10"]
[SourceVersion "1"]
[SourceVersionDate "2023.10.10"]
[SourceQuality "1"]

1. e4 d5 2. exd5 Nf6 3. d4 Bg4 4. Be2 Bxe2 5. Qxe2 Qxd5 6. Nf3 e6 7. 0-0 Bd6 8. c4 Qh5 9. Nc3 0-0 10. h3 c6 11. Bg5 Nbd7 12. Rad1 h6 13. Bxf6 Nxf6 14. Ne4 Nxe4 15. Qxe4 Rad8 16. Rd3 Rfe8 17. Rfd1 Bc7 18. Ne5 Bxe5 19. Qxe5 Qh4 20. Rg3 g6 21. Rdd3 Qe7 22. Rdf3 Qd6 23. Qe4 Qxd4 24. Rxg6+ fxg6 25. Qxg6+ Qg7 26. Qh5 Kh8 27. Rg3 Qf6 28. h4 Rg8 29. Rf3 Qg6 0-1

[Event "Nichelino op 4th"]
[Site "Nichelino"]
[Date "2003.10.10"]
[Round "2"]
[White "Gallitto, Salvatore"]
[Black "D'Ingiullo, Roberto"]
[Result "1/2-1/2"]
[WhiteElo "1972"]
[BlackElo "2119"]
[PlyCount "53"]
[EventDate "2003.10.09"]
[EventType "swiss"]
[EventRounds "6"]
[EventCountry "ITA"]
[SourceTitle "EXT 2024"]
[Source "ChessBase"]
[SourceDate "2023.10.10"]
[SourceVersion "1"]
[SourceVersionDate "2023.10.10"]
[SourceQuality "1"]

1. d4 Nf6 2. e3 g6 3. Be2 Bg7 4. h4 h5 5. Nh3 d6 6. Ng5 Nc6 7. Nc3 e5 8. d5 Ne7 9. Bc4 Nf5 10. e4 Nd4 11. Ne2 Nxe2 12. Qxe2 Bd7 13. a4 Qe7 14. b3 0-0 15. Ba3 a6 16. Bb4 b5 17. Bd3 a5 18. Bd2 bxa4 19. bxa4 c6 20. dxc6 Bxc6 21. 0-0 d5 22. f3 Rab8 23. Kh1 Qc7 24. Be3 Qe7 25. Bd2 Qc5 26. Be3 Qe7 27. Bd2 1/2-1/2

[Event "Nichelino op 4th"]
[Site "Nichelino"]
[Date "2003.10.09"]
[Round "1"]
[White "D'Ingiullo, Roberto"]
[Black "Guglielmi, Nicolo"]
[Result "1/2-1/2"]
[WhiteElo "2119"]
[BlackElo "1770"]
[PlyCount "78"]
[EventDate "2003.10.09"]
[EventType "swiss"]
[EventRounds "6"]
[EventCountry "ITA"]
[SourceTitle "EXT 2024"]
[Source "ChessBase"]
[SourceDate "2023.10.10"]
[SourceVersion "1"]
[SourceVersionDate "2023.10.10"]
[SourceQuality "1"]

1. e4 c5 2. Nf3 e6 3. c3 b6 4. d4 Bb7 5. Bd3 Nf6 6. Qe2 Be7 7. 0-0 d6 8. Na3 Nbd7 9. Bd2 0-0 10. b4 Re8 11. bxc5 dxc5 12. Nc4 Qc7 13. e5 Nd5 14. Qe4 g6 15. Qg4 Rac8 16. Ne3 cxd4 17. Nxd5 Bxd5 18. cxd4 Qb7 19. Ng5 Nf8 20. h4 Rc7 21. h5 f5 22. exf6 Bxf6 23. Ne4 Be7 24. hxg6 hxg6 25. Nc3 Bd8 26. Nb5 Rc6 27. Bb4 Qg7 28. Rac1 Be7 29. Rxc6 Bxc6 30. Bxe7 Rxe7 31. Rc1 Bd5 32. Rc8 Qf6 33. Nd6 e5 34. Ne8 Qe6 35. Qxe6+ Bxe6 36. Rd8 exd4 37. Nf6+ Kf7 38. Ne4 Bxa2 39. Rxd4 Rd7 1/2-1/2